| 000 | 00464 a2200169 4500 | ||
|---|---|---|---|
| 001 | 79074 | ||
| 020 | _a9788131719251 | ||
| 082 | _a658.4012 JOH | ||
| 090 |
_c39558 _d39558 |
||
| 100 | _aGerry Johnson ; Kevan Scholes ; Richard Whittington | ||
| 245 |
_aExploring Corporate Strategy : Text and Cases 7th/Ed _hEnglish |
||
| 250 | _a7th | ||
| 260 |
_aIndia _bPearson _c2010 |
||
| 300 | _axxxvi1033 | ||
| 500 | _aDOS BS Reference Books | ||
| 505 | _aAHQ Books | ||
| 942 |
_aCAENUST _k658.4012 JOH |
||
| 999 |
_c314147 _d314147 |
||